MARC

Tag First Indicator Second Indicator Subfields
LEADER 00000cam a22000001 4500
001 in00000614621
005 20151015050327.0
008 700316m19671968sa ab b 10000 eng
010 |a  72355716  
015 |a SANB*** 
035 |a (OCoLC)00038740 
035 |9 ACS9043AM 
040 |a DLC  |c DLC  |d TXA  |d UtOrBLW 
041 0 |a eng  |b afr  |b por 
049 |a TXAM  |v 1 [1556186] 
050 0 0 |a TA710  |b .R39 1967 
082 0 |a 624/.151 
111 2 |a Regional Conference for Africa  |n (4th :  |d 1967 :  |c Cape Town) 
245 1 0 |a Soil mechanics and foundation engineering ;  |b proceedings. 
264 1 |a Cape Town :  |b Published on behalf of the Division of Soil Mechanics and Foundation Engineering of the South African Institution of Civil Engineers by A. A. Balkema,  |c 1967-1968. 
300 |a 2 volumes :  |b illustrations, maps (part folded color) ;  |c 27 cm. 
336 |a text  |b txt  |2 rdacontent 
337 |a unmediated  |b n  |2 rdamedia 
338 |a volume  |b nc  |2 rdacarrier 
500 |a Volume 1: technical editors: A. Burgers, J. S. Gregg, S. M. Lloyd, A. D. W. Sparks, translators: C. Basto, J. Grutter. 
500 |a Summaries in English, Afrikaans and Portuguese. 
500 |a Sponsored by the Soil Mechanics Division of the South African Institution of Civil Engineers, the Cape Town Branch of the South African Institution of Civil Engineers, and the University of Cape Town. 
504 |a Includes bibliographical references. 
650 0 |a Soil mechanics  |v Congresses. 
710 2 |a South African Institution of Civil Engineers.  |b Division of Soil Mechanics and Foundation Engineering. 
710 2 |a South African Institution of Civil Engineers.  |b Cape Town Branch. 
710 2 |a University of Cape Town. 
999 |a MARS 
999 f f |s f7e385bf-3bbc-3393-b668-27df37f88758  |i 8f6c20ea-4004-3e37-abb4-7b69d7c43d9e  |t 0 
952 f f |p normal  |a Texas A&M University  |b College Station  |c Sterling C. Evans Library  |d Evans: Library Stacks  |t 0  |e TA710 .R39 1967  |h Library of Congress classification  |i unmediated -- volume  |k v.1  |m A14805341911 
998 f f |a TA710 .R39 1967  |s v.1  |t 0  |l Evans: Library Stacks